Indira Gandhi: (Record no. 156396)

MARC details
000 -LEADER
fixed length control field 00545nam a22001937a 4500
005 - DATE AND TIME OF LATEST TRANSACTION
control field 20180827134428.0
010 ## - LCCN (DPL NO)
LC control number B-216424
020 ## - INTERNATIONAL STANDARD BOOK NUMBER
International Standard Book Number 8131300668
Terms of availability 395.00
035 ## - SYSTEM CONTROL NUMBER
System control number B-216424
037 ## - SOURCE OF ACQUISITION
Source of stock number/acquisition A P H Publishing Corporation
082 ## - DEWEY DECIMAL CLASSIFICATION NUMBER
Classification number 921
100 ## - MAIN ENTRY--PERSONAL NAME
Personal name Duda, P.N.
245 ## - TITLE STATEMENT
Title Indira Gandhi:
Remainder of title life and legacy
Statement of responsibility, etc P.N. Duda
260 ## - PUBLICATION, DISTRIBUTION, ETC. (IMPRINT)
Place of publication, distribution, etc New Delhi
Name of publisher, distributor, etc A P H Publishing Corporation
Date of publication, distribution, etc 2006
270 ## - ADDRESS
City New Delhi
Postal code 110002
300 ## - PHYSICAL DESCRIPTION
Extent 195p.
Dimensions 22cm(sajild)
942 ## - ADDED ENTRY ELEMENTS (KOHA)
Source of classification or shelving scheme Dewey Decimal Classification
Item type English Books
Classification part 921
Call number suffix DUD
Holdings
Withdrawn status Lost status Not for loan Collection code Home library Current library Date acquired Full call number Barcode Koha item type
      Non-fiction Sarojini Nagar Sarojini Nagar 27/08/2018 921 DUD B-216424 English Books

© Delhi Public Library
Hit Counter
free hit counter